000 00725nam a2200217Ia 4500
005 20241129105811.0
008 241129s9999||||xx |||||||||||||| ||und||
020 _a978-93-90849-44-4
037 _aTB
040 _aARTS
_bpun
_cARTS
041 _apun
_2pun
084 _aP:795 153R2
_qARTS
100 _aਕੁਮਾਰ ਸੁਸੀਲ, ਚ।
245 0 _aਅਨੁਵਾਦ ਅਧਿਐਨ
_cਕੁਮਾਰ ਸੁਸੀਲ, ਚ।
260 _aਪਟਿਆਲਾ, ਭਾਰਤ
_bਪਟਿਆਲਾ ਆੱਟਮ ਆਰਟ
_c2022
300 _a230ਪ੍ਰ0
365 _aINR
_b350
650 _aLinguisticsTranslation and Interpreting
_9726406
942 _cTB
_hP:795 153R2
999 _c1226003
_d1226003